[Event "Duran zt 2.3.5 (Women)"]
[Site "Duran"]
[Date "2012.03.10"]
[Round "8"]
[White "Segarra Choe, Tammy"]
[Black "Aponte Montes de Oca, Oriana Isabel"]
[Result "1/2-1/2"]
[WhiteElo "2000"]
[BlackElo "1875"]
[PlyCount "76"]
[EventDate "2012.03.05"]
[EventType "swiss"]
[EventRounds "9"]
[EventCountry "ECU"]
[SourceTitle "EXT 2023"]
[Source "ChessBase"]
[SourceDate "2022.10.05"]
[SourceVersion "1"]
[SourceVersionDate "2022.10.05"]
[SourceQuality "1"]

1. d4 Nf6 2. c4 g6 3. Nc3 d5 4. cxd5 Nxd5 5. e4 Nxc3 6. bxc3 Bg7 7. Bc4 c5 8. Ne2 Nc6 9. Be3 0-0 10. 0-0 Bg4 11. f3 Na5 12. Bxf7+ Rxf7 13. fxg4 Rxf1+ 14. Kxf1 cxd4 15. cxd4 e5 16. d5 Nc4 17. Qd3 b5 18. Kg1 Nxe3 19. Qxe3 Qb6 20. Qxb6 axb6 21. Rb1 Bf8 22. Rxb5 Bc5+ 23. Kf1 Rxa2 24. Ke1 Ra4 25. Nc3 Ra3 26. Kd2 Bd4 27. Ne2 Ra2+ 28. Kd3 Bc5 29. Rb3 Kf7 30. h3 Ke7 31. Rc3 Kd7 32. Rc2 Ra3+ 33. Rc3 Ra8 34. h4 Ra1 35. Rc1 Ra3+ 36. Rc3 Ra1 37. Rc1 Ra3+ 38. Rc3 Ra1 1/2-1/2

[Event "Guayaquil zt 2.3.5 (Women)"]
[Site "Guayaquil"]
[Date "2012.03.06"]
[Round "3"]
[White "Rosales Murillo, Cristina"]
[Black "Segarra Choe, Tammy"]
[Result "0-1"]
[WhiteElo "1677"]
[BlackElo "2000"]
[PlyCount "108"]
[EventDate "2012.03.05"]
[EventType "swiss"]
[EventRounds "9"]
[EventCountry "ECU"]
[SourceTitle "EXT 2013"]
[Source "ChessBase"]
[SourceDate "2012.11.22"]
[SourceVersion "1"]
[SourceVersionDate "2012.11.22"]
[SourceQuality "1"]

1. e4 d6 2. d4 Nf6 3. Nc3 c6 4. Be2 g6 5. Be3 b5 6. a3 a6 7. g4 Bb7 8. g5 Nfd7 9. Nf3 Nb6 10. d5 c5 11. h4 Bg7 12. h5 Rg8 13. hxg6 hxg6 14. Rh7 N8d7 15. Nd2 Nf8 16. Rh1 e6 17. Nb3 exd5 18. Na5 Qc7 19. Nxb7 Qxb7 20. exd5 0-0-0 21. a4 b4 22. a5 Bxc3+ 23. bxc3 Qxd5 24. Qxd5 Nxd5 25. Bxa6+ Kc7 26. cxb4 Nxb4 27. Bd3 Nd7 28. Rh4 Ne5 29. Rxb4 Nxd3+ 30. cxd3 cxb4 31. Bb6+ Kc6 32. Bxd8 Rxd8 33. Kd2 Kb5 34. a6 Ra8 35. a7 Kb6 36. Kc2 Rxa7 37. Rxa7 Kxa7 38. Kb3 Kb7 39. Kxb4 Kb6 40. Kc4 Kc6 41. Kd4 d5 42. f3 Kd6 43. f4 Ke6 44. Kc5 Kf5 45. Kxd5 Kxf4 46. Kc6 Ke3 47. Kd7 Kxd3 48. Ke7 Ke4 49. Kxf7 Kf5 50. Ke7 Kxg5 51. Kd6 Kf4 52. Kd5 g5 53. Kd4 g4 54. Kd3 Kf3 0-1

[Event "Olympiad Women-39"]
[Site "Khanty-Mansiysk"]
[Date "2010.10.03"]
[Round "11.43"]
[White "Matoussi, Amina"]
[Black "Segarra Choe, Tammy"]
[Result "0-1"]
[WhiteElo "1772"]
[BlackElo "2014"]
[PlyCount "82"]
[EventDate "2010.09.21"]
[EventType "team-swiss"]
[EventRounds "11"]
[EventCountry "RUS"]
[SourceTitle "CBM 139"]
[Source "ChessBase"]
[SourceDate "2010.11.18"]
[SourceVersion "1"]
[SourceVersionDate "2010.11.18"]
[SourceQuality "1"]
[WhiteTeam "Tunisia (W)"]
[BlackTeam "Puerto Rico (W)"]
[WhiteTeamCountry "TUN"]
[BlackTeamCountry "PUR"]

1. e4 d6 2. d4 Nf6 3. Nc3 g6 4. f4 Bg7 5. Nf3 0-0 6. Be2 c5 7. dxc5 Qa5 8. 0-0 Qxc5+ 9. Kh1 Nc6 10. h3 b5 11. Bxb5 Nxe4 12. Nxe4 Qxb5 13. a4 Qb4 14. Qe1 Qxe1 15. Rxe1 Nb4 16. Re2 Ba6 17. Rd2 Rac8 18. c3 Nd3 19. Nd4 Bxd4 20. cxd4 Rxc1+ 21. Rxc1 Nxc1 22. b4 Rc8 23. b5 Bb7 24. Nf2 Rc3 25. a5 Nb3 26. Re2 e6 27. a6 Ba8 28. Ne4 Bxe4 29. Rxe4 Rc4 30. Re1 Nxd4 31. Rb1 Nxb5 32. Rxb5 Ra4 33. Rb8+ Kg7 34. Kg1 Rxa6 35. Kf2 Ra3 36. g3 a5 37. Ra8 a4 38. Rb8 Ra1 39. Kf3 a3 40. Ra8 a2 41. Kg4 d5 0-1

[Event "Olympiad Women-39"]
[Site "Khanty-Mansiysk"]
[Date "2010.10.01"]
[Round "10.48"]
[White "Segarra Choe, Tammy"]
[Black "Naipal, Victoria"]
[Result "1-0"]
[WhiteElo "2014"]
[BlackElo "1845"]
[PlyCount "63"]
[EventDate "2010.09.21"]
[EventType "team-swiss"]
[EventRounds "11"]
[EventCountry "RUS"]
[SourceTitle "CBM 139"]
[Source "ChessBase"]
[SourceDate "2010.11.18"]
[SourceVersion "1"]
[SourceVersionDate "2010.11.18"]
[SourceQuality "1"]
[WhiteTeam "Puerto Rico (W)"]
[BlackTeam "Surinam (W)"]
[WhiteTeamCountry "PUR"]
[BlackTeamCountry "SUR"]

1. d4 d5 2. c4 e6 3. Nc3 Be7 4. Nf3 Nf6 5. cxd5 exd5 6. Bg5 c6 7. e3 0-0 8. Qc2 h6 9. Bxf6 Bxf6 10. Bd3 Be6 11. 0-0 a5 12. a3 Na6 13. Rab1 Qd7 14. b4 axb4 15. axb4 Qe7 16. Bxa6 Rxa6 17. b5 cxb5 18. Rxb5 Rc8 19. Qb2 Qd8 20. Rxb7 Rac6 21. Na4 Qa5 22. Qb3 Ra6 23. Nc5 Rxc5 24. dxc5 Qxc5 25. Rb8+ Kh7 26. Qd3+ g6 27. Qxa6 Kg7 28. Qa8 Kh7 29. Qb7 Bg7 30. Qb4 Qc7 31. Rb1 Qd7 32. Qh4 1-0

[Event "Olympiad Women-39"]
[Site "Khanty-Mansiysk"]
[Date "2010.09.28"]
[Round "7.45"]
[White "Mir Mahmoud, Afamia"]
[Black "Segarra Choe, Tammy"]
[Result "1-0"]
[WhiteElo "2014"]
[BlackElo "2014"]
[PlyCount "119"]
[EventDate "2010.09.21"]
[EventType "team-swiss"]
[EventRounds "11"]
[EventCountry "RUS"]
[SourceTitle "CBM 139"]
[Source "ChessBase"]
[SourceDate "2010.11.18"]
[SourceVersion "1"]
[SourceVersionDate "2010.11.18"]
[SourceQuality "1"]
[WhiteTeam "Syria (W)"]
[BlackTeam "Puerto Rico (W)"]
[WhiteTeamCountry "SYR"]
[BlackTeamCountry "PUR"]

1. d4 d5 2. c4 c6 3. Nf3 Nf6 4. Nc3 a6 5. e3 b5 6. cxd5 cxd5 7. Bd3 e6 8. 0-0 Be7 9. Bd2 Bb7 10. Rc1 0-0 11. Qc2 Nc6 12. Qb1 Nb4 13. Be2 Rc8 14. a3 Nc6 15. b4 Nd7 16. e4 dxe4 17. Nxe4 Nf6 18. Be3 Nxd4 19. Nxf6+ Bxf6 20. Nxd4 Bxd4 21. Rxc8 Bxc8 22. Rd1 e5 23. Bxd4 exd4 24. Qe4 Qc7 25. Qxd4 Qc2 26. Bf3 Qb3 27. Qe3 Qxe3 28. fxe3 g5 29. Rd6 Kg7 30. Rc6 Bb7 31. Rb6 Bxf3 32. gxf3 Re8 33. Rxa6 Rxe3 34. Kf2 Rb3 35. Ra5 f6 36. Rxb5 Rxa3 37. Rb8 Rb3 38. b5 h5 39. b6 f5 40. b7 f4 41. h3 Rb2+ 42. Ke1 Kh7 43. Kd1 Kg7 44. Kc1 Rb6 45. Kd2 Kh7 46. Kd3 Rb2 47. Kc3 Rb6 48. Kd4 Rb2 49. Ke5 Kg7 50. Kf5 g4 51. hxg4 h4 52. Kxf4 h3 53. Rd8 h2 54. Rd1 Kg6 55. Rh1 Rb4+ 56. Kg3 Rxb7 57. Rxh2 Rb1 58. Rc2 Rd1 59. Rc6+ Kg7 60. f4 1-0

[Event "Olympiad Women-39"]
[Site "Khanty-Mansiysk"]
[Date "2010.09.27"]
[Round "6.45"]
[White "Segarra Choe, Tammy"]
[Black "Richards, Deborah"]
[Result "0-1"]
[WhiteElo "2014"]
[BlackElo "2003"]
[PlyCount "80"]
[EventDate "2010.09.21"]
[EventType "team-swiss"]
[EventRounds "11"]
[EventCountry "RUS"]
[SourceTitle "CBM 139"]
[Source "ChessBase"]
[SourceDate "2010.11.18"]
[SourceVersion "1"]
[SourceVersionDate "2010.11.18"]
[SourceQuality "1"]
[WhiteTeam "Puerto Rico (W)"]
[BlackTeam "Jamaica (W)"]
[WhiteTeamCountry "PUR"]
[BlackTeamCountry "JAM"]

1. d4 Nf6 2. c4 g6 3. Nc3 Bg7 4. e4 d6 5. Nf3 0-0 6. Be2 e5 7. 0-0 Nc6 8. d5 Ne7 9. Ne1 Nd7 10. Be3 f5 11. f3 f4 12. Bf2 g5 13. Nd3 h5 14. c5 Nf6 15. Rc1 g4 16. cxd6 cxd6 17. Kh1 Ng6 18. a4 a6 19. b4 g3 20. hxg3 fxg3 21. Bxg3 h4 22. Bh2 Nh5 23. Qe1 Ng3+ 24. Bxg3 hxg3 25. Qxg3 Nf4 26. Nf2 Rf6 27. Ng4 Rg6 28. a5 Bd7 29. Kg1 Rc8 30. Qf2 Qg5 31. Rfd1 Rf8 32. Qe1 Rf7 33. g3 Nh3+ 34. Kg2 Bxg4 35. fxg4 Rf2+ 36. Qxf2 Nxf2 37. Kxf2 Rf6+ 38. Bf3 Bh6 39. Re1 Qd2+ 40. Ne2 Qe3+ 0-1

[Event "Pan American-ch U20 Girls"]
[Site "Montevideo"]
[Date "2009.10.11"]
[Round "9"]
[White "Gutierrez Salazar, Leonela"]
[Black "Segarra Choe, Tammy"]
[Result "0-1"]
[WhiteElo "1920"]
[BlackElo "1947"]
[PlyCount "120"]
[EventDate "2009.10.06"]
[EventType "tourn"]
[EventRounds "11"]
[EventCountry "URU"]
[SourceTitle "CBM 132 Extra"]
[Source "ChessBase"]
[SourceDate "2009.11.03"]
[SourceVersion "1"]
[SourceVersionDate "2009.11.03"]
[SourceQuality "1"]

1. e4 d6 2. d4 Nf6 3. Nc3 g6 4. Bg5 Bg7 5. e5 dxe5 6. dxe5 Ng4 7. Qxd8+ Kxd8 8. Rd1+ Bd7 9. Nd5 c6 10. Bxe7+ Ke8 11. Bf6 Bxf6 12. Nxf6+ Nxf6 13. exf6 Be6 14. Nf3 Nd7 15. Nd4 Nxf6 16. Nxe6 fxe6 17. Bc4 Ke7 18. 0-0 Rad8 19. g3 Rxd1 20. Rxd1 Nd5 21. Rd3 b6 22. a3 g5 23. Ba6 c5 24. Bc4 Rd8 25. h3 Rd6 26. Kg2 Nf6 27. Re3 Nd7 28. Kf3 Kf6 29. Ke2 Ne5 30. Bd3 h6 31. b3 Nc6 32. c3 Ne5 33. Bc2 a5 34. Re4 Nc6 35. f4 b5 36. Bd3 b4 37. axb4 axb4 38. fxg5+ hxg5 39. cxb4 Nd4+ 40. Ke3 Nf5+ 41. Kd2 cxb4 42. Rxb4 Nxg3 43. Rc4 e5 44. Ke3 Nf5+ 45. Bxf5 Kxf5 46. b4 Rh6 47. Rc8 Rxh3+ 48. Kf2 Rh2+ 49. Kg3 Rb2 50. Rf8+ Ke4 51. Rb8 Kd3 52. Kg4 e4 53. Kxg5 e3 54. Rd8+ Ke2 55. Rd4 Rd2 56. Re4 Kf2 57. Rf4+ Ke1 58. Kg4 e2 59. b5 Kd1 60. Re4 e1Q 0-1

[Event "Pan American-ch U20 Girls"]
[Site "Montevideo"]
[Date "2009.10.10"]
[Round "7"]
[White "Romero Echeverria, Abigail"]
[Black "Segarra Choe, Tammy"]
[Result "0-1"]
[WhiteElo "2064"]
[BlackElo "1947"]
[PlyCount "128"]
[EventDate "2009.10.06"]
[EventType "tourn"]
[EventRounds "11"]
[EventCountry "URU"]
[SourceTitle "CBM 132 Extra"]
[Source "ChessBase"]
[SourceDate "2009.11.03"]
[SourceVersion "1"]
[SourceVersionDate "2009.11.03"]
[SourceQuality "1"]

1. e4 d6 2. d4 Nf6 3. Nc3 g6 4. h3 c6 5. a4 Nbd7 6. Nf3 Qc7 7. Be3 Bg7 8. Nd2 0-0 9. a5 e5 10. dxe5 dxe5 11. Nc4 Rd8 12. Qd6 Ne8 13. Qxc7 Nxc7 14. Be2 Ne6 15. 0-0 Nd4 16. Bd1 Nc5 17. b4 Nce6 18. Ne2 Nxe2+ 19. Bxe2 Nd4 20. Bd3 Be6 21. Nb2 f5 22. f3 Bf8 23. c3 Nb3 24. Ra3 f4 25. Bc4 Bxc4 26. Nxc4 Nxa5 27. Rxa5 fxe3 28. Re1 b6 29. Raa1 b5 30. Nxe5 c5 31. Kf1 cxb4 32. cxb4 Bxb4 33. Rxe3 Bc5 34. Rd3 Rxd3 35. Nxd3 Bd4 36. Ra6 Bb6 37. Nb4 Rc8 38. Ke2 Rc4 39. Nd5 Bg1 40. Kd3 Ra4 41. Rxa4 bxa4 42. Kc4 a3 43. Kb3 Bc5 44. Nc3 Kf7 45. Nb5 Ke6 46. Nxa3 Ke5 47. Nc2 Kf4 48. Kc4 Bb6 49. Kd3 Kg3 50. Ne3 a5 51. e5 a4 52. e6 Bd8 53. Kc4 Kf2 54. Nc2 Kxg2 55. Nd4 Kxh3 56. Kb4 Kg3 57. Kxa4 Bf6 58. Kb5 h5 59. Kc6 h4 60. Kd5 h3 61. Ne2+ Kxf3 62. Nc3 h2 63. Ne4 Be7 64. Nd2+ Kg2 0-1

[Event "Pan American-ch U20 Girls"]
[Site "Montevideo"]
[Date "2009.10.10"]
[Round "8"]
[White "Segarra Choe, Tammy"]
[Black "Herrera, Milena"]
[Result "1/2-1/2"]
[WhiteElo "1947"]
[BlackElo "2141"]
[PlyCount "93"]
[EventDate "2009.10.06"]
[EventType "tourn"]
[EventRounds "11"]
[EventCountry "URU"]
[SourceTitle "CBM 132 Extra"]
[Source "ChessBase"]
[SourceDate "2009.11.03"]
[SourceVersion "1"]
[SourceVersionDate "2009.11.03"]
[SourceQuality "1"]

1. d4 Nf6 2. Nf3 e6 3. c4 c5 4. d5 exd5 5. cxd5 d6 6. Nc3 g6 7. e4 a6 8. a4 Bg7 9. Be2 0-0 10. 0-0 Bg4 11. Re1 Re8 12. h3 Bxf3 13. Bxf3 Nbd7 14. Qc2 Qc7 15. Be3 c4 16. a5 Nc5 17. Na4 Nb3 18. Ra3 Qxa5 19. Rd1 Qb4 20. Nb6 Rad8 21. Nxc4 Rc8 22. Rxb3 Rxc4 23. Rxb4 Rxc2 24. Rxb7 a5 25. Rb6 Bf8 26. Ra1 Ra8 27. Bd4 Nd7 28. Rc6 Rxc6 29. dxc6 Ne5 30. c7 Rc8 31. Bb6 Nc4 32. Bxa5 Nxa5 33. Rxa5 Rxc7 34. b4 d5 35. b5 d4 36. b6 Rc1+ 37. Kh2 Rb1 38. Rd5 Rxb6 39. Rxd4 Rb2 40. e5 Rxf2 41. Rd7 Bh6 42. Kg3 Rf1 43. Rd8+ Kg7 44. Rd7 Kf8 45. Rd1 Rxd1 46. Bxd1 Ke7 47. Bb3 1/2-1/2

[Event "Olympiad Women-38"]
[Site "Dresden"]
[Date "2008.11.23"]
[Round "10"]
[White "Segarra Choe, Tammy"]
[Black "Colombo, Camila"]
[Result "1/2-1/2"]
[WhiteElo "1819"]
[BlackElo "2071"]
[PlyCount "82"]
[EventDate "2008.11.13"]
[EventType "team-swiss"]
[EventRounds "11"]
[EventCountry "GER"]
[SourceTitle "CBM 128"]
[Source "ChessBase"]
[SourceDate "2009.01.28"]
[SourceVersion "1"]
[SourceVersionDate "2009.01.28"]
[SourceQuality "1"]
[WhiteTeam "Puerto Rico (W)"]
[BlackTeam "Uruguay (W)"]
[WhiteTeamCountry "PUR"]
[BlackTeamCountry "URU"]

1. d4 Nf6 2. c4 g6 3. Nc3 Bg7 4. e4 d6 5. Be2 0-0 6. Nf3 e5 7. 0-0 Nc6 8. d5 Ne7 9. Ne1 Nd7 10. Be3 f5 11. f3 f4 12. Bf2 g5 13. Nd3 Ng6 14. c5 Nf6 15. Rc1 Rf7 16. cxd6 cxd6 17. Nb5 g4 18. Rxc8 Rxc8 19. Bxa7 Bf8 20. a4 Ra8 21. Bf2 g3 22. hxg3 fxg3 23. Bxg3 Nh5 24. Bf2 Qg5 25. g4 Nhf4 26. Nxf4 Nxf4 27. Bg3 h5 28. Bxf4 Qxf4 29. Kg2 Rh7 30. Rh1 Rc8 31. Nc3 Rcc7 32. Qc1 Qf6 33. Qf1 Bh6 34. Rxh5 Bf4 35. Qh1 Rcg7 36. Bb5 Qf7 37. Kf1 Qc7 38. Qh4 Bg5 39. Qh2 Qf7 40. Kf2 Bc1 41. b3 Qc7 1/2-1/2

[Event "Olympiad Women-38"]
[Site "Dresden"]
[Date "2008.11.14"]
[Round "2"]
[White "Segarra Choe, Tammy"]
[Black "Baklanova, Tatiana"]
[Result "0-1"]
[WhiteElo "1819"]
[BlackElo "2231"]
[PlyCount "66"]
[EventDate "2008.11.13"]
[EventType "team-swiss"]
[EventRounds "11"]
[EventCountry "GER"]
[SourceTitle "CBM 128"]
[Source "ChessBase"]
[SourceDate "2009.01.28"]
[SourceVersion "1"]
[SourceVersionDate "2009.01.28"]
[SourceQuality "1"]
[WhiteTeam "Puerto Rico (W)"]
[BlackTeam "ICSC (W)"]
[WhiteTeamCountry "PUR"]

1. d4 f5 2. Nc3 d5 3. g3 Nf6 4. Bg2 e6 5. Nh3 c5 6. 0-0 cxd4 7. Qxd4 Nc6 8. Qd1 Be7 9. Kh1 0-0 10. Nf4 d4 11. Nb5 e5 12. Nh3 Be6 13. c3 a6 14. Na3 Bd5 15. cxd4 Nxd4 16. Be3 Bxg2+ 17. Kxg2 Qd5+ 18. f3 Rfd8 19. Bxd4 Qxd4 20. Qb3+ Qd5 21. Rfd1 Qxb3 22. axb3 Nd5 23. Nc4 Bc5 24. e4 fxe4 25. Rxd5 exf3+ 26. Kxf3 Rxd5 27. Re1 b5 28. Rxe5 Rxe5 29. Nxe5 Re8 30. Ng4 h5 31. Ngf2 Re3+ 32. Kf4 Rxb3 33. Ne4 Bd4 0-1

[Event "PUR-ch (Women)"]
[Site "Caguas"]
[Date "2006.03.31"]
[Round "6"]
[White "Segarra Choe, Tammy"]
[Black "Bassem, Miriam"]
[Result "1-0"]
[WhiteElo "1481"]
[BlackElo "1614"]
[PlyCount "75"]
[EventDate "2006.03.18"]
[EventType "tourn"]
[EventRounds "8"]
[EventCountry "PUR"]
[SourceTitle "EXT 2008"]
[Source "ChessBase"]
[SourceDate "2007.11.25"]
[SourceVersion "1"]
[SourceVersionDate "2007.11.25"]
[SourceQuality "1"]

1. d4 Nf6 2. c4 g6 3. Nc3 Bg7 4. e4 d6 5. f4 0-0 6. Nf3 c5 7. d5 e6 8. Be2 exd5 9. cxd5 Nbd7 10. 0-0 Nb6 11. Re1 a6 12. a4 Rb8 13. a5 Na8 14. e5 Ne8 15. Bc4 Bg4 16. h3 Bxf3 17. Qxf3 Nac7 18. Na4 Qh4 19. Qf2 Qxf2+ 20. Kxf2 Na8 21. g4 h6 22. Nb6 Nxb6 23. axb6 Kh7 24. Kg2 Rc8 25. Ra3 Rg8 26. Rc3 Bf8 27. h4 Ng7 28. Bd3 Rd8 29. Be4 h5 30. g5 Ne8 31. Kh3 Ng7 32. Rd1 Rd7 33. Re3 Be7 34. Bc2 Bd8 35. e6 fxe6 36. dxe6 Re7 37. Rxd6 Ne8 38. Rxd8 1-0